ბათუმის შოთა რუსთაველის სახელმწიფო უნივერსიტეტის ბიბლიოთეკა

Учебное пособие для студентов заочного отделения факультета ,,Водоснабжение и водоотведение,,(7-11-й семестры). (ბიბ.ჩანაწერი № 44561)

000 -LEADER
fixed length control field 01030nam a2200229Ia 4500
001 - CONTROL NUMBER
control field 11364
003 - CONTROL NUMBER IDENTIFIER
control field GE_BSU
008 - FIXED-LENGTH DATA ELEMENTS--GENERAL INFORMATION
fixed length control field 181216s||||||||xx |||||||||||||| ||und||
020 ## - INTERNATIONAL STANDARD BOOK NUMBER
International Standard Book Number 9785930937411
040 ## - CATALOGING SOURCE
Transcribing agency GE_BSU
080 ## - UNIVERSAL DECIMAL CLASSIFICATION NUMBER
Universal Decimal Classification number 628.1(075.8)
245 ## - TITLE STATEMENT
Title Учебное пособие для студентов заочного отделения факультета ,,Водоснабжение и водоотведение,,(7-11-й семестры).
245 ## - TITLE STATEMENT
Statement of responsibility, etc. Под обш.ред:Ю.В.Воронова и А.Л.Ивчатова;Ред:В.Ш.Мерзлякова.
260 ## - PUBLICATION, DISTRIBUTION, ETC.
Place of publication, distribution, etc. Москва.
260 ## - PUBLICATION, DISTRIBUTION, ETC.
Name of publisher, distributor, etc. Издательство Ассоциации строительных Вузов.
260 ## - PUBLICATION, DISTRIBUTION, ETC.
Date of publication, distribution, etc. 2009.
300 ## - PHYSICAL DESCRIPTION
Extent 544стр;22см.
300 ## - PHYSICAL DESCRIPTION
Accompanying material фото.
653 ## - INDEX TERM--UNCONTROLLED
Uncontrolled term Учебное пособие для студентов заочного отделения факультета Водоснабжение и водоотведение(7-11-й семестры).
942 ## - ADDED ENTRY ELEMENTS (KOHA)
Koha item type წიგნი
ეგზემპლარები
Withdrawn status Lost status Damaged status Not for loan Date acquired Barcode Date last seen Price effective from Koha item type
        2018-12-17 35421 2018-12-17 2018-12-17 წიგნი